000
00316nam a22001337a 4500
008
170715b xxu||||| |||| 00| 0 eng d
020
_a
9781559347235
041
_a
eng
080
_a
572
100
_a
24
101
_a
ANT
245
_a
UNDERSTANDING AND APPLYING MEDICAL ANTHROPOLOGY
_c
BROWN,P.J
942
_2
udc
_c
BK
999
_c
21149
_d
21149